ბათუმის შოთა რუსთაველის სახელმწიფო უნივერსიტეტის ბიბლიოთეკა

დღის პირველ საათზე, თქვენო აღმატებულებავ...წ. 2 (ბიბ.ჩანაწერი № 49785)

000 -LEADER
fixed length control field 00856nam a2200217Ia 4500
001 - CONTROL NUMBER
control field 16720
003 - CONTROL NUMBER IDENTIFIER
control field GE_BSU
008 - FIXED-LENGTH DATA ELEMENTS--GENERAL INFORMATION
fixed length control field 181216s||||||||xx |||||||||||||| ||und||
040 ## - CATALOGING SOURCE
Transcribing agency GE_BSU
080 ## - UNIVERSAL DECIMAL CLASSIFICATION NUMBER
Universal Decimal Classification number 821.161.1-31
100 ## - MAIN ENTRY--PERSONAL NAME
Personal name ვასილიევი, არკ.
245 ## - TITLE STATEMENT
Title დღის პირველ საათზე, თქვენო აღმატებულებავ...წ. 2
245 ## - TITLE STATEMENT
Remainder of title რომანი
245 ## - TITLE STATEMENT
Statement of responsibility, etc. თარგმნეს ნ. მეგრელიშვილმა და შ. როყვამ. რედ. ო.გოგუაძე
260 ## - PUBLICATION, DISTRIBUTION, ETC.
Place of publication, distribution, etc. ბათუმი
260 ## - PUBLICATION, DISTRIBUTION, ETC.
Date of publication, distribution, etc. 1976
300 ## - PHYSICAL DESCRIPTION
Extent 215 გვ.22სმ.
653 ## - INDEX TERM--UNCONTROLLED
Uncontrolled term დღის პირველ საათზე, თქვენო აღმატებულებავ...
653 ## - INDEX TERM--UNCONTROLLED
Uncontrolled term რომანი
942 ## - ADDED ENTRY ELEMENTS (KOHA)
Koha item type წიგნი
ეგზემპლარები
Withdrawn status Lost status Damaged status Not for loan Date acquired Barcode Date last seen Price effective from Koha item type
        2018-12-17 21263 2018-12-17 2018-12-17 წიგნი
        2018-12-17 21273 2018-12-17 2018-12-17 წიგნი